ا طلا لۃ علی ا لد ر ا سا ت ا لعر بيۃ (Record no. 175936)

MARC details
000 -LEADER
fixed length control field 00791nam a22001937a 4500
005 - DATE AND TIME OF LATEST TRANSACTION
control field 20201013151358.0
010 ## - LCCN (DPL NO)
LC control number UR-10887
020 ## - INTERNATIONAL STANDARD BOOK NUMBER
Terms of availability 150.00
International Standard Book Number 9789389733778
035 ## - SYSTEM CONTROL NUMBER
System control number U-9442
037 ## - SOURCE OF ACQUISITION
Source of stock number/acquisition DBAD/PUB
082 ## - DEWEY DECIMAL CLASSIFICATION NUMBER
Classification number 808.88
100 ## - MAIN ENTRY--PERSONAL NAME
Personal name محمد نو ا ز خا ن ا و ر ز ا ہد خا ن
245 ## - TITLE STATEMENT
Title ا طلا لۃ علی ا لد ر ا سا ت ا لعر بيۃ
Statement of responsibility, etc محمد نو ا ز خا ن ا و ر ز ا ہد خا ن
246 ## - VARYING FORM OF TITLE
Remainder of title Ithlaathun Ala Dirasaathil Arabiyya (Urdu)
Title proper/short title by Mohd. Nawaz Khan and Mohd. Zahid
260 ## - PUBLICATION, DISTRIBUTION, ETC. (IMPRINT)
Place of publication, distribution, etc N.Delhi
Name of publisher, distributor, etc Educational Publishing House
Date of publication, distribution, etc 2020 ء
270 ## - ADDRESS
Address H.O.D1/16,Ansari Road,Darya ganj,
City N.Delhi
Postal code 110002
Telephone number 45678285,23216162
Fax number 0091-11-23211540
300 ## - PHYSICAL DESCRIPTION
Extent 127 ص
Dimensions 22 Cm(Hb)
942 ## - ADDED ENTRY ELEMENTS (KOHA)
Source of classification or shelving scheme Dewey Decimal Classification
Item type Urdu Bks
Classification part 808.88
Call number suffix م ح م
Holdings
Withdrawn status Lost status Not for loan Collection code Home library Current library Date acquired Source of acquisition Cost, normal purchase price Full call number Barcode Copy number Cost, replacement price Koha item type
      Non-fiction D.B.Act.Division D.B.Act.Division 13/10/2020 DBAD/PUB 150.00 808.88 م ح م U-9442 1 150.00 Urdu Bks

© Delhi Public Library
Hit Counter
free hit counter